| 000 | 01737nam a2200289Ia 4500 | ||
|---|---|---|---|
| 003 | CO-CtgCURN | ||
| 005 | 20250408222234.0 | ||
| 008 | 190719s2005 xx 000 s spa d | ||
| 020 | _a9583381867 (vol. 6) | ||
| 040 |
_aCO-CtgCURN _bspa _ccoctgcurn |
||
| 082 |
_a261 _bC968 |
||
| 110 | _aConcejo de Bogotá | ||
| 245 | 0 |
_aCultura, ciencia y universidad en el magisterio de Juan Pablo II / _ccompilador., Hernando Sebá López |
|
| 250 | _a1 edición | ||
| 260 |
_aBogotá, Colombia : _bConcejo de Bogotá, _c2005 |
||
| 300 |
_a662 páginas ; _c24 centímetros |
||
| 500 | _aIncluye índices | ||
| 505 | _aAño 1999 - Año 2000. | ||
| 520 | _aJuan Pablo II ha afirmado que uno de los objetivos de su pontificado consiste en construir una cultura de la vida para hacer a una cultura de la muerte en expansión. Por eso dice el Pontífice estoy promoviendo incansablemente la defensa incondicional de la vida humana desde el instante de su concepción hasta su muerte natural. Otro asunto al cual el Papa le ha dedicado sus mejores energías, es al de los derechos humanos. El mismo lo afirma enfáticamente cuando dice: Durante mi ministerio de Pastor de la Iglesia universal, he querido dedicar una atención particular a la salvaguardia y a la promoción de la dignidad de la persona y de sus derechos, en todas las etapas de su vida y en toda circunstancia política, económica o cultural | ||
| 521 | _aAREA BASICA | ||
| 590 | _aTodos los programas académicos | ||
| 650 |
_aDocumentos pontificios _9698 |
||
| 650 |
_aHombre _xTeología _9699 |
||
| 700 |
_aSebá López, Hernando _ecompilador _9784 |
||
| 942 |
_cBK _h261 _iC968 _2ddc _n0 |
||
| 999 |
_c1093 _d1093 |
||